[Event "HCL-B265"]
[Site "www.playchess.de"]
[Date "2001.04.08"]
[Round "10"]
[White "soymilk"]
[Black "Emma2001"]
[WhiteElo "1177"]
[BlackElo "1500"]
[PlyCount "31"]
[Result "1-0"]

1.Nf3 Nf6 2.g3 Nc6 3.Bg2 d5 4.O-O Bg4 5.d3 Bxf3 
6.exf3 e5 7.Re1 Bd6 8.d4 Qe7 9.dxe5 Bxe5 10.f4 O-O 
11.fxe5 Nxe5 12.f4 Qc5+ 13.Be3 Qd6 14.fxe5 Qxe5 
15.Bd4 Qh5 16.Bxf6 1-0

[Event "HCL-C243"]
[Site "www.playchess.de"]
[Date "2001.04.08"]
[Round "8"]
[White "ZenPuppie"]
[Black "alexander"]
[WhiteElo "747"]
[BlackElo "1000"]
[PlyCount "33"]
[Result "1-0"]

1.e4 d6 2.d4 Nh6 3.h3 b6 4.Nc3 c5 5.d5 e5 6.Bxh6 
gxh6 7.Qh5 a6 8.a3 Nd7 9.Be2 b5 10.O-O-O Nb6 
11.Nf3 a5 12.Nxb5 Ba6 13.Nh4 a4 14.Rhf1 Rg8 15.f4 
Rc8 16.fxe5 c4 17.Qxf7+ 1-0

[Event "HCL-C243"]
[Site "www.playchess.de"]
[Date "2001.04.08"]
[Round "9"]
[White "alexander"]
[Black "TuffGong"]
[WhiteElo "1000"]
[BlackElo "1095"]
[PlyCount "46"]
[Result "0-1"]

1.e4 e5 2.Nf3 g5 3.Nxe5 Qf6 4.Nd3 c5 5.e5 Qf5 6.f3 
d5 7.Qe2 c4 8.Qe3 cxd3 9.cxd3 Nd7 10.d4 Nb6 11.Bd3 
Qd7 12.Qxg5 Qc6 13.O-O Be7 14.Qe3 Nh6 15.f4 Rg8 
16.h3 Nc4 17.Qe2 f5 18.b3 Ng4 19.a4 Qa6 20.bxc4 
Qc6 21.c5 Bxc5 22.hxg4 Bxd4+ 23.Kh1 
Qh6+ 0-1

[Event "ACL-A136"]
[Site "www.playchess.de"]
[Date "2001.04.08"]
[Round "2"]
[White "Albixa"]
[Black "Bishop_F1G2"]
[WhiteElo "1500"]
[BlackElo "1500"]
[PlyCount "46"]
[Result "0-1"]

1.d4 d5 2.c4 e6 3.Nf3 Nf6 4.Nc3 Be7 5.g3 O-O 6.Bg2 
dxc4 7.Ne5 c5 8.dxc5 Qc7 9.Nxc4 Rd8 10.Qc2 Qxc5 
11.Ne3 Nc6 12.O-O Nd4 13.Qb1 Qh5 14.Re1 e5 15.Nf1 
Bf5 16.e4 Bh3 17.Re3 Rac8 18.Bd2 Ng4 19.Rd3 Rxc3 
20.Bf3 Nxf3+ 21.Rxf3 Rxf3 22.Qc2 Rxf2 23.Rd1 
Rg2+ 0-1

[Event "HCL-C243"]
[Site "www.playchess.de"]
[Date "2001.04.08"]
[Round "13"]
[White "TuffGong"]
[Black "Yurispb"]
[WhiteElo "1095"]
[BlackElo "1001"]
[PlyCount "64"]
[Result "0-1"]

1.e4 c5 2.d4 cxd4 3.Qxd4 Nc6 4.Qd5 e6 5.Qh5 Nf6 
6.Qf3 d5 7.Nc3 d4 8.Nb5 a6 9.Na3 Bb4+ 10.c3 dxc3 
11.bxc3 Ne5 12.Qf4 Bxc3+ 13.Bd2 Bxa1 14.Nf3 Nd3+ 
15.Bxd3 Qxd3 16.Qe3 Qxe3+ 17.Bxe3 Bc3+ 18.Nd2 Nxe4 
19.Nab1 Bxd2+ 20.Bxd2 Nxd2 21.Nxd2 {my friend, 
what time is it where you are?}  b5 22.O-O Bb7 
23.Nb3 {.}  Rc8 24.Re1 Ke7 25.Nd4 Rhd8 26.Ne2 Rc2 
27.Nf4 Rdd2 28.h4 Rdxf2 29.Ne2 Rcxe2 30.Rf1 Rfxg2+ 
31.Kh1 Rgh2+ 32.Kg1 Reg2+ 0-1

[Event "HCL-C243"]
[Site "www.playchess.de"]
[Date "2001.04.08"]
[Round "18"]
[White "guigao"]
[Black "TuffGong"]
[WhiteElo "1425"]
[BlackElo "1095"]
[PlyCount "73"]
[Result "1-0"]

1.d4 d5 2.c4 e6 3.Nf3 c5 4.Nc3 cxd4 5.Qxd4 Nc6 
6.Qd3 Qa5 7.Bd2 Qb6 8.Na4 Qc7 9.cxd5 Nb4 10.Bxb4 
Bxb4+ 11.Nc3 Nf6 12.Qb5+ Nd7 13.Qxb4 a5 14.Qb5 O-O 
15.dxe6 fxe6 16.e3 Rf5 17.Qb3 Nc5 18.Qc4 Rb8 {my 
friend, what time is it where you are?}  19.Nb5 
Qd7 20.Rd1 Qf7 21.Rd8+ Qf8 22.Rxf8+ Rxf8 {.}  
23.Qxc5 b6 24.Qd6 Ba6 25.Bc4 Rbc8 26.Bxe6+ Kh8 
27.Bxc8 Rxc8 28.Nc7 h6 29.Qxb6 Bc4 30.b3 Bd5 
31.O-O Bxf3 32.gxf3 h5 33.Rd1 Kh7 34.Ne6 Kg6 
35.Nf4+ Kg5 36.Qg6+ Kh4 37.Qg3+ 1-0

[Event "HCL-B270"]
[Site "www.playchess.de"]
[Date "2001.04.08"]
[Round "6"]
[White "terminmater"]
[Black "ChessWorm"]
[WhiteElo "1500"]
[BlackElo "1386"]
[PlyCount "35"]
[Result "1-0"]

1.e4 c5 {Good Luck}  2.Nc3 Nc6 3.f4 d6 4.Nf3 a6 
5.d4 cxd4 6.Nxd4 Qc7 7.Be3 Nf6 8.Qd2 b5 9.g4 Bxg4 
10.h3 Bd7 11.Bg2 e6 12.O-O-O g6 13.e5 dxe5 14.fxe5 
Nd5 15.Nxd5 exd5 16.Bxd5 Rd8 17.Nxc6 Bxc6 
18.Bxc6+ 1-0

[Event "HCL-A109"]
[Site "www.playchess.de"]
[Date "2001.04.08"]
[Round "15"]
[White "One_i"]
[Black "Tinho"]
[WhiteElo "1706"]
[BlackElo "1846"]
[PlyCount "42"]
[Result "1/2-1/2"]

1.d4 {Good luck to you from Canada}  d5 2.Nf3 Nf6 
{Same to you}  3.Bf4 c5 4.c3 Qb6 {`}  5.b3 Nc6 
6.e3 Bf5 7.Bd3 Bxd3 8.Qxd3 e6 9.Nbd2 Be7 10.O-O 
O-O 11.Ne5 Nxe5 12.Bxe5 Rac8 13.c4 Rfd8 14.cxd5 
Nxd5 15.Rfc1 Nb4 16.Qe4 f6 17.dxc5 Bxc5 18.Nc4 Qc6 
19.Qxc6 Nxc6 20.Bb2 b5 21.Na3 Bxa3 1/2-1/2

[Event "HCL-B273"]
[Site "www.playchess.de"]
[Date "2001.04.08"]
[Round "11"]
[White "Matu"]
[Black "lebesgue"]
[WhiteElo "1563"]
[BlackElo "1551"]
[PlyCount "78"]
[Result "1/2-1/2"]

1.b3 b6 2.Bb2 Bb7 3.f4 e6 4.e3 Nf6 5.Nf3 Nc6 6.Be2 
d5 7.O-O Bd6 8.c4 dxc4 9.bxc4 O-O 10.h3 Ne4 11.Kh2 
Ne7 12.Nc3 Nxc3 13.Bxc3 c5 14.Be5 Ng6 15.Bxd6 Qxd6 
16.Rf2 Rad8 17.Bf1 e5 18.Nxe5 Nxe5 19.fxe5 Qxe5+ 
20.Kg1 Rd6 21.Qe1 Rfd8 22.Rd1 Qb2 23.d4 Qa3 
24.Rfd2 cxd4 25.R2xd4 R6xd4 26.Rxd4 Re8 27.Qf2 g6 
28.Rd7 Re7 29.Rxe7 Qxe7 30.Qf4 Be4 31.Qf2 Qd6 
32.Qf4 Qxf4 33.exf4 f6 34.Kf2 Kf7 35.Ke3 Bc6 36.g3 
Ke6 37.Kd4 h6 38.h4 Bf3 39.Bd3 g5 {I didn´t accept 
the draw before, bcause I wanted to check this 
plan. If it is the fin, thx f the gm!} 
 1/2-1/2

[Event "ACL-E011"]
[Site "www.playchess.de"]
[Date "2001.04.08"]
[Round "8"]
[White "dzwonek"]
[Black "Bill"]
[WhiteElo "1687"]
[BlackElo "1716"]
[PlyCount "85"]
[Result "1-0"]

1.d4 d5 2.Nf3 c6 3.c4 e6 4.e3 Nf6 5.Nc3 Bd6 6.Qc2 
O-O 7.Bd3 Na6 8.a3 dxc4 9.Bxc4 c5 10.dxc5 Nxc5 
11.b4 Ncd7 12.Bb2 Ne5 13.Nxe5 Bxe5 14.Rd1 Qb6 
15.Nb5 Bd7 16.Bxe5 Bxb5 17.Bxf6 gxf6 18.a4 Be8 
19.b5 Qa5+ 20.Ke2 Rc8 21.Rd4 Rc5 22.Rc1 {What is 
your real chess rating?}  f5 {About 1300, how 
'bout you?}  23.g4 {Much more. How did you came to 
so high class?}  Qc7 {I tied for first in a lower 
class ACL tour so I got bumped into the higher 
class.}  24.gxf5 {ok. That class is very strong. 
Some people have very strong engines.}  Rxf5 {I 
doubt if I'll be here very long, so I entered 
several while I'm up here.  It's more exciting.}  
25.Bd3 {That's smart.}  Qxc2+ {I'm told never to 
trade queens with the better player, who am I to 
argue.}  26.Rxc2 {Good idea. But not always 
working.}  Rg5 27.Rc7 Rg7 28.Bc4 Kh8 29.Rxb7 e5 
30.Rd6 Rg4 31.Kd3 f6 32.Rxa7 Bg6+ 33.Kc3 Rg2 
34.Rad7 Rg1 35.b6 Rc1+ 36.Kb4 Rb1+ 37.Kc5 Rc8+ 
38.Rc7 Rb8 39.a5 Ra1 40.a6 Ra5+ 41.Kb4 Ra1 42.b7 
Rb1+ {My machine says give it up. thanks for the 
lesson, I'll resign on next move.}  43.Kc5 {ok. 
thank you for a game.}  1-0

[Event "HCL-B276"]
[Site "www.playchess.de"]
[Date "2001.04.08"]
[Round "19"]
[White "CHARON"]
[Black "lonewolf"]
[WhiteElo "1557"]
[BlackElo "1616"]
[PlyCount "22"]
[Result "0-1"]

1.e4 e5 {Hello,good luck}  2.Nf3 {Hello, from 
Ireland}  Nf6 3.Nxe5 d5 4.exd5 Qxd5 5.d4 Nc6 
6.Nxc6 Qxc6 7.Nc3 Bb4 8.Bd2 O-O 9.f3 Bf5 10.Ne2 
Bxc2 11.Qc1 Nd5 0-1

[Event "HCL-E049"]
[Site "www.playchess.de"]
[Date "2001.04.08"]
[Round "8"]
[White "Qaurial"]
[Black "Zynaps"]
[WhiteElo "1626"]
[BlackElo "2000"]
[PlyCount "28"]
[Result "0-1"]

1.e4 c6 2.d4 d5 3.Nc3 dxe4 4.f3 exf3 5.Nxf3 Bg4 
6.h3 Bxf3 7.Qxf3 Nf6 8.Bg5 Qxd4 9.Rd1 Qe5+ 10.Qe3 
Qxe3+ 11.Bxe3 e6 12.Bc4 Nbd7 13.O-O Bc5 14.Bxc5 
Nxc5 0-1

[Event "ACL-A146"]
[Site "www.playchess.de"]
[Date "2001.04.08"]
[Round "2"]
[White "Blocus"]
[Black "mladsir"]
[WhiteElo "1500"]
[BlackElo "1575"]
[PlyCount "29"]
[Result "1-0"]

1.d4 f5 2.Bg5 Nf6 3.Bxf6 exf6 4.e3 d5 5.c4 Bb4+ 
6.Nc3 Bxc3+ 7.bxc3 O-O 8.cxd5 Qxd5 9.Qb3 Qxb3 
10.axb3 Be6 11.c4 c6 12.Bd3 Nd7 13.Ne2 a6 14.Nf4 
Kf7 15.d5 1-0

[Event "HCL-A125"]
[Site "www.playchess.de"]
[Date "2001.04.08"]
[Round "21"]
[White "Translightor"]
[Black "cabe"]
[WhiteElo "1426"]
[BlackElo "1663"]
[PlyCount "32"]
[Result "0-1"]

1.e4 {Good luck!}  e5 {Have a nice game!}  2.Nf3 
Nf6 3.Nxe5 d6 4.Nf3 Nxe4 5.d4 d5 6.Bd3 Bd6 7.O-O 
O-O 8.c4 c6 9.Nc3 Bf5 10.cxd5 cxd5 11.Qb3 Nxc3 
12.bxc3 Bxd3 13.Qxb7 Nd7 14.Re1 Nb6 15.Bg5 f6 
16.Be3 Rf7 0-1

[Event "HCL-B281"]
[Site "www.playchess.de"]
[Date "2001.04.08"]
[Round "28"]
[White "DrJon"]
[Black "Torenvalk"]
[WhiteElo "1552"]
[BlackElo "1502"]
[PlyCount "23"]
[Result "1/2-1/2"]

1.d4 {have a good game from cheyenne wyoming usa}  
d5 {Good luck}  2.Nf3 Nf6 {Have a good game t}  
3.Bf4 b6 4.e3 e6 5.Bd3 Bd6 6.Bxd6 Qxd6 7.O-O 
{castling we go}  O-O {Allright}  8.Nbd2 {good 
knights we go}  Nbd7 9.e4 dxe4 10.Bxe4 Nxe4 
11.Nxe4 Qd5 12.Re1 1/2-1/2

[Event "HCL-A124"]
[Site "www.playchess.de"]
[Date "2001.04.08"]
[Round "9"]
[White "mrchess"]
[Black "LUPES"]
[WhiteElo "1568"]
[BlackElo "1797"]
[PlyCount "34"]
[Result "0-1"]

1.d4 {good luck}  d5 {Thanks-good luck u2!}  2.Nf3 
Nf6 3.c4 c6 4.Nc3 dxc4 5.e3 b5 6.a4 b4 7.Na2 e6 
8.Bxc4 Nbd7 9.O-O Bb7 10.Qd3 c5 11.Qd1 Bd6 12.Re1 
O-O 13.Be2 cxd4 14.Nxd4 Ne4 15.Bd2 Bxh2+ 16.Kf1 
Qh4 17.g3 Qh3+ 0-1

[Event "HCL-B290"]
[Site "www.playchess.de"]
[Date "2001.04.08"]
[Round "8"]
[White "bundori"]
[Black "vijal"]
[WhiteElo "1686"]
[BlackElo "739"]
[PlyCount "29"]
[Result "1-0"]

1.c4 e5 2.Nc3 Nc6 3.g3 Bc5 4.Bg2 Nf6 5.a3 d6 6.e3 
Be6 7.b4 Bb6 8.d3 a6 9.Nge2 O-O 10.O-O h6 11.h3 
Qc8 12.Kh2 Ne7 13.Bb2 c5 14.Na4 Qc6 
15.Bxc6 1-0

[Event "HCL-B292"]
[Site "www.playchess.de"]
[Date "2001.04.08"]
[Round "1"]
[White "e4forme"]
[Black "vijal"]
[WhiteElo "1538"]
[BlackElo "737"]
[PlyCount "33"]
[Result "1-0"]

1.e4 e5 2.Nf3 Nc6 3.Bc4 {Hi Vijal, Where in the US 
are you? Columbia, Tn. here}  Bc5 4.c3 Nf6 5.d4 
exd4 6.cxd4 Bb4+ 7.Nc3 d5 8.exd5 Nxd5 9.O-O Nxc3 
10.bxc3 Ba5 11.Re1+ Ne7 12.Ba3 O-O 13.Bxe7 Qd7 
14.Bxf8 Kxf8 15.Ne5 Qd6 16.Qh5 Be6 
17.Nxf7 1-0

[Event "HCL-C130"]
[Site "www.playchess.de"]
[Date "2001.04.08"]
[Round "35"]
[White "donkey"]
[Black "logocom"]
[WhiteElo "1134"]
[BlackElo "1000"]
[PlyCount "27"]
[Result "1-0"]

1.d4 d6 2.Nf3 Bf5 3.Nc3 Nc6 4.e4 Bg6 5.d5 Nb4 6.a3 
Na6 7.Bb5+ c6 8.dxc6 bxc6 9.Bxc6+ Qd7 10.Bxd7+ 
Kxd7 11.Ne5+ Ke8 12.Qd5 Nc7 13.Qc6+ Kd8 
14.Qd7+ 1-0

[Event "HCL-A036"]
[Site "www.playchess.de"]
[Date "2001.04.08"]
[Round "1"]
[White "NHD"]
[Black "Norbert"]
[WhiteElo "1822"]
[BlackElo "1700"]
[PlyCount "44"]
[Result "1/2-1/2"]

1.e4 e5 2.Nf3 Nc6 3.Bc4 Bc5 4.Nc3 Nf6 5.d3 O-O 
6.Bg5 h6 7.Bxf6 Qxf6 8.Nd5 Qd6 9.c3 a6 10.a4 Ba7 
11.O-O Na5 12.Ba2 Nc6 13.d4 b5 14.dxe5 Nxe5 15.Nd4 
Bxd4 16.cxd4 Nc4 17.Qc2 Bb7 18.axb5 Bxd5 19.exd5 
axb5 20.Bxc4 bxc4 21.Qxc4 Rxa1 22.Rxa1 
Re8 1/2-1/2

[Event "HCL-A036"]
[Site "www.playchess.de"]
[Date "2001.04.08"]
[Round "3"]
[White "Norbert"]
[Black "SunTzu"]
[WhiteElo "1700"]
[BlackElo "1700"]
[PlyCount "69"]
[Result "1-0"]

1.e4 c5 2.Nf3 d6 3.Nc3 a6 4.d4 cxd4 5.Nxd4 Nf6 
6.Bg5 e6 7.Be2 Nbd7 8.O-O Qc7 9.Bf3 Rb8 10.a4 Be7 
11.a5 O-O 12.Re1 Ne5 13.Be2 Nc4 14.Bxc4 Qxc4 
15.Na4 Bd8 16.Bxf6 Bxf6 17.c3 Qc7 18.Nb6 Bd7 
19.Qd3 Bc6 20.Nxc6 bxc6 21.Qxa6 d5 22.Qe2 Rfd8 
23.e5 Be7 24.b4 c5 25.Qd2 d4 26.b5 d3 27.Rab1 Qa7 
28.Nc4 Rd5 29.a6 Bd8 30.Red1 Bb6 31.Qe3 Rbd8 
32.Rb2 h6 33.h3 Qb8 34.Rbd2 Bc7 
35.b6 1-0

[Event "HCL-A036"]
[Site "www.playchess.de"]
[Date "2001.04.08"]
[Round "4"]
[White "NHD"]
[Black "ABBOTS"]
[WhiteElo "1822"]
[BlackElo "1800"]
[PlyCount "57"]
[Result "1-0"]

1.e4 c6 2.d4 d5 3.e5 Bf5 4.Nf3 e6 5.Be2 c5 6.c3 
Nc6 7.O-O h6 8.Qb3 Qb6 9.Qxb6 axb6 10.Be3 Be7 
11.Nbd2 g5 12.h3 f6 13.Bb5 g4 14.hxg4 Bxg4 15.exf6 
Bd6 16.f7+ Kxf7 17.Bxc6 bxc6 18.dxc5 bxc5 19.Bxc5 
Bxf3 20.Bxd6 Be2 21.Rfe1 Ba6 22.Nf3 Rd8 23.Ne5+ 
Kf6 24.Re3 Be2 25.Bc5 Bh5 26.Nxc6 Rc8 27.Bd4+ Kf7 
28.Bxh8 Rxc6 29.a4 1-0

[Event "HCL-A036"]
[Site "www.playchess.de"]
[Date "2001.04.08"]
[Round "6"]
[White "SunTzu"]
[Black "ABBOTS"]
[WhiteElo "1700"]
[BlackElo "1800"]
[PlyCount "76"]
[Result "0-1"]

1.e4 c6 2.d4 d5 3.exd5 cxd5 4.c4 Nf6 5.Nc3 e6 
6.Nf3 Bb4 7.a3 Bxc3+ 8.bxc3 Qc7 9.Ne5 dxc4 10.Bxc4 
Nc6 11.Qe2 Nxe5 12.dxe5 Nd7 13.O-O Qxe5 14.Re1 
Qxe2 15.Rxe2 Nf6 16.Bg5 Bd7 17.Bd3 Bc6 18.Bxf6 
gxf6 19.Rb1 Ke7 20.f3 Rad8 21.Bb5 Bxb5 22.Rxb5 b6 
23.Rh5 Rd1+ 24.Kf2 Ra1 25.c4 Rxa3 26.Rc2 f5 27.g4 
fxg4 28.fxg4 f6 29.Kg2 h6 30.Rb5 Rg8 31.h3 Rg5 
32.Rbb2 h5 33.Rb5 Rxb5 34.cxb5 hxg4 35.hxg4 Rb3 
36.Rc7+ Kd6 37.Rxa7 Rxb5 38.Kf3 
Rg5 0-1

[Event "HCL-A036"]
[Site "www.playchess.de"]
[Date "2001.04.08"]
[Round "7"]
[White "Felix"]
[Black "NHD"]
[WhiteElo "1534"]
[BlackElo "1822"]
[PlyCount "68"]
[Result "0-1"]

1.d4 d5 2.c4 e6 3.Nc3 Nf6 4.Bg5 Nbd7 5.e3 c6 6.Nf3 
Qa5 7.cxd5 exd5 8.Bd3 Ne4 9.Qc2 Nxg5 10.Nxg5 Be7 
11.Nf3 Nf6 12.O-O O-O 13.a3 Qc7 14.Rfe1 Re8 15.e4 
dxe4 16.Nxe4 Nd5 17.Bc4 Rd8 18.Rac1 Bf5 19.Qb3 
Rac8 20.Nc3 Bd6 21.Bxd5 cxd5 22.g3 Bd3 23.Nd2 Bc4 
24.Nxc4 dxc4 25.Qc2 a6 26.Re4 b5 27.Rce1 Bf8 28.d5 
Qd7 29.Kg2 g6 30.Qe2 a5 31.Rc1 b4 32.axb4 axb4 
33.Nb1 Qxd5 34.Rcxc4 f5 0-1

[Event "HCL-A036"]
[Site "www.playchess.de"]
[Date "2001.04.08"]
[Round "8"]
[White "Norbert"]
[Black "Felix"]
[WhiteElo "1700"]
[BlackElo "1534"]
[PlyCount "35"]
[Result "1-0"]

1.e4 c5 2.Nf3 d6 3.d4 cxd4 4.Nxd4 Nf6 5.Nc3 g6 
6.Bb5+ Bd7 7.O-O Bg7 8.Qd3 O-O 9.Bxd7 Qxd7 10.Bg5 
Rc8 11.Rad1 Nc6 12.Nxc6 Rxc6 13.Rfe1 Ne8 14.Nd5 f6 
15.Bf4 Rac8 16.c3 a5 17.Be3 Qc7 
18.Nxc7 1-0

[Event "HCL-A036"]
[Site "www.playchess.de"]
[Date "2001.04.08"]
[Round "9"]
[White "Felix"]
[Black "SunTzu"]
[WhiteElo "1534"]
[BlackElo "1700"]
[PlyCount "65"]
[Result "1-0"]

1.d4 Nf6 2.c4 d6 3.Nc3 g6 4.e4 Bg7 5.f3 O-O 6.Be3 
Nbd7 7.Qd2 e5 8.d5 a5 9.Nge2 b6 10.g4 Nc5 11.O-O-O 
Bd7 12.Ng3 a4 13.Kb1 a3 14.b4 Na4 15.Nxa4 Rxa4 
16.h4 Ne8 17.h5 Qc8 18.hxg6 fxg6 19.Be2 b5 20.c5 
dxc5 21.bxc5 Qb8 22.Rdf1 b4 23.Bd1 Ra8 24.Qh2 Kf7 
25.c6 Bc8 26.f4 Ba6 27.Be2 Bxe2 28.Nxe2 b3 
29.fxe5+ Ke7 30.Bg5+ Nf6 31.exf6+ Rxf6 32.Bxf6+ 
Bxf6 33.Qxh7+ 1-0

[Event "HCL-A036"]
[Site "www.playchess.de"]
[Date "2001.04.08"]
[Round "10"]
[White "ABBOTS"]
[Black "Felix"]
[WhiteElo "1800"]
[BlackElo "1534"]
[PlyCount "92"]
[Result "1/2-1/2"]

1.e4 c5 2.Nf3 d6 3.Bb5+ Bd7 4.Bxd7+ Qxd7 5.c4 Nc6 
6.Nc3 g6 7.d4 cxd4 8.Nxd4 Bg7 9.Be3 Nf6 10.f3 O-O 
11.O-O Rac8 12.b3 Rfd8 13.Qd2 e6 14.Rad1 d5 
15.exd5 exd5 16.c5 Nxd4 17.Bxd4 Qc6 18.b4 Ne8 
19.Ne2 Qa4 20.Rfe1 a5 21.Qb2 Qxb4 22.Qxb4 axb4 
23.Bxg7 Nxg7 24.Rd4 Rxc5 25.Rxb4 Rc7 26.Reb1 Rdd7 
27.Kf1 Ne6 28.Nc1 Kg7 29.Nd3 Rde7 30.R1b2 Rc3 
31.R4b3 d4 32.g3 Re8 33.Rd2 Ng5 34.Rxc3 dxc3 
35.Rf2 Ra8 36.Nc1 b5 37.Ke1 Ne6 38.Nb3 b4 39.Kd1 
Kf6 40.Re2 Rd8+ 41.Kc2 Nc7 42.Re4 Ra8 43.Nc1 Nd5 
44.f4 h6 45.Re5 Rd8 46.Nd3 h5 1/2-1/2

[Event "HCL-A036"]
[Site "www.playchess.de"]
[Date "2001.04.08"]
[Round "16"]
[White "henk"]
[Black "NHD"]
[WhiteElo "1700"]
[BlackElo "1822"]
[PlyCount "67"]
[Result "1/2-1/2"]

1.e4 e5 2.Nf3 Nf6 3.Nxe5 d6 4.Nf3 Nxe4 5.d4 d5 
6.Bd3 Bd6 7.O-O O-O 8.c4 c6 9.Re1 Re8 10.cxd5 cxd5 
11.Nc3 Nxc3 12.bxc3 Rxe1+ 13.Qxe1 h6 14.Rb1 Nd7 
15.Rb5 Nb6 16.Bd2 Bd7 17.Rb1 Qc7 18.Qc1 Bg4 19.h3 
Bxf3 20.gxf3 Qe7 21.Bf4 Qf6 22.Bxd6 Qxd6 23.Qe3 
Qc6 24.Re1 Na4 25.Kg2 Nxc3 26.Rc1 Re8 27.Bh7+ Kh8 
28.Qxc3 Qxc3 29.Rxc3 Kxh7 30.Rc7 Re2 31.Rxb7 Rxa2 
32.Rxf7 Ra4 33.Rd7 Rxd4 34.Rxa7 1/2-1/2

[Event "HCL-A036"]
[Site "www.playchess.de"]
[Date "2001.04.08"]
[Round "17"]
[White "Norbert"]
[Black "henk"]
[WhiteElo "1700"]
[BlackElo "1700"]
[PlyCount "75"]
[Result "1-0"]

1.e4 c5 2.Nf3 d6 3.d4 cxd4 4.Nxd4 Nf6 5.Nc3 a6 
6.Be2 e6 7.O-O Be7 8.Qd3 O-O 9.Qg3 Kh8 10.Rd1 Qc7 
11.Bf3 Nc6 12.a4 Bd7 13.Bg5 Ne5 14.Be2 Rac8 15.a5 
Nc4 16.Bxc4 Qxc4 17.Bxf6 gxf6 18.Qh3 Rfg8 19.Nd5 
exd5 20.Qxd7 Rc7 21.Qf5 Rg5 22.Qf3 dxe4 23.Qxe4 
Qd5 24.Rde1 Qxe4 25.Rxe4 d5 26.Re2 Re5 27.Rd2 Bc5 
28.Nf3 Re6 29.c3 Kg7 30.Kf1 Rd6 31.Rad1 d4 32.Nxd4 
Bxd4 33.R2xd4 Rxd4 34.Rxd4 Rc5 35.Rd7 Rb5 36.b4 
Kf8 37.f4 Ke8 38.Rc7 1-0

[Event "HCL-A036"]
[Site "www.playchess.de"]
[Date "2001.04.08"]
[Round "18"]
[White "henk"]
[Black "SunTzu"]
[WhiteElo "1700"]
[BlackElo "1700"]
[PlyCount "39"]
[Result "1-0"]

1.e4 c5 2.Nc3 Nc6 3.g3 d6 4.Bg2 g6 5.f4 e6 6.Nf3 
Bg7 7.d3 Nge7 8.O-O O-O 9.Be3 a6 10.Qd2 Qc7 11.g4 
f5 12.gxf5 exf5 13.Rab1 b5 14.Nd5 Nxd5 15.exd5 Ne7 
16.c4 Bd7 17.Rfe1 bxc4 18.dxc4 Rab8 19.Bf2 Kh8 
20.Rxe7 1-0

[Event "HCL-A036"]
[Site "www.playchess.de"]
[Date "2001.04.08"]
[Round "19"]
[White "ABBOTS"]
[Black "henk"]
[WhiteElo "1800"]
[BlackElo "1700"]
[PlyCount "69"]
[Result "1/2-1/2"]

1.e4 c5 2.Nf3 d6 3.Bb5+ Bd7 4.Bxd7+ Nxd7 5.O-O 
Ngf6 6.Qe2 e6 7.c3 Qc7 8.d4 Be7 9.Bg5 Rc8 10.e5 
dxe5 11.dxe5 Nd5 12.Bxe7 Nxe7 13.Na3 a6 14.Nc4 O-O 
15.Nd6 Rcd8 16.Nc4 Nb6 17.Nxb6 Qxb6 18.Rad1 Rxd1 
19.Rxd1 Rd8 20.Rd2 Ng6 21.c4 Kf8 22.Qd1 Rxd2 
23.Qxd2 Ke8 24.g3 h6 25.Kf1 Qc7 26.Qe3 b6 27.Qe4 
Kd7 28.h4 Qc6 29.Qxc6+ Kxc6 30.h5 Ne7 31.a4 a5 
32.Ke2 Kd7 33.Nd2 Nc6 34.f4 f6 
35.Nf3 1/2-1/2

[Event "HCL-A036"]
[Site "www.playchess.de"]
[Date "2001.04.08"]
[Round "20"]
[White "henk"]
[Black "Felix"]
[WhiteElo "1700"]
[BlackElo "1534"]
[PlyCount "35"]
[Result "1-0"]

1.e4 c5 2.Nc3 d6 3.f4 g6 4.Nf3 Bg7 5.Bc4 Nc6 6.O-O 
Nf6 7.d3 O-O 8.Qe1 e6 9.a3 d5 10.Ba2 a6 11.h3 b5 
12.exd5 exd5 13.Ne5 Re8 14.Nxc6 Rxe1 15.Nxd8 Rxf1+ 
16.Kxf1 Bxh3 17.Nxf7 Bxg2+ 18.Kxg2 1-0

[Event "HCL-A063"]
[Site "www.playchess.de"]
[Date "2001.04.09"]
[Round "2"]
[White "mrchess"]
[Black "Lars"]
[WhiteElo "1555"]
[BlackElo "1910"]
[PlyCount "64"]
[Result "0-1"]

1.d4 d5 2.c4 c6 3.Nc3 dxc4 4.e4 b5 5.a4 b4 6.Na2 
e5 7.Be3 exd4 8.Qxd4 Qxd4 9.Bxd4 c3 10.bxc3 b3 
11.Bc4 bxa2 12.Rxa2 Ba6 13.Be2 c5 14.Be3 Nf6 15.f3 
Bxe2 16.Nxe2 Nc6 17.O-O Rd8 18.Nf4 Ne5 19.Rb1 Nc4 
20.Bf2 g5 21.Ne2 a5 22.Bg3 h5 23.h3 h4 24.Bf2 Rh6 
25.Rb5 Rd1+ 26.Kh2 Bd6+ 27.g3 hxg3+ 28.Bxg3 g4 
29.fxg4 Nxg4+ 30.Kg2 Nce3+ 31.Kf3 Rf1+ 32.Bf2 
Rxf2+ 0-1

[Event "HCL-B135"]
[Site "www.playchess.de"]
[Date "2001.04.09"]
[Round "22"]
[White "dmitry"]
[Black "Sturk"]
[WhiteElo "1389"]
[BlackElo "1635"]
[PlyCount "34"]
[Result "0-1"]

1.e4 e5 2.Nf3 Nc6 3.Bb5 a6 4.Ba4 Nf6 5.O-O Nxe4 
6.d4 b5 7.Bb3 d5 8.dxe5 Be6 9.Bf4 Be7 10.Nbd2 Nc5 
11.a3 O-O 12.Ba2 h6 13.b4 Na4 14.Qe2 Nc3 15.Qd3 
Nxa2 16.Rxa2 f5 17.exf6 Bxf6 0-1

[Event "HCL-B146"]
[Site "www.playchess.de"]
[Date "2001.04.09"]
[Round "8"]
[White "Klasseman"]
[Black "Sunny"]
[WhiteElo "1500"]
[BlackElo "1500"]
[PlyCount "77"]
[Result "1-0"]

1.f4 d5 2.e3 Nf6 3.b3 c6 4.Nf3 Nbd7 5.Bb2 Ne4 6.d3 
Qa5+ 7.Nbd2 Nd6 8.Be2 Nf5 9.Kf2 Qb6 10.d4 Nf6 
11.Ne5 h5 12.Bd3 Nh6 13.h3 h4 14.c4 Qb4 15.a3 Qb6 
16.c5 Qc7 17.b4 e6 18.a4 Nhg8 19.Ndf3 {Sorry for 
the delay, i have been abroad a couple of days.}  
Nh6 20.Ng5 Be7 21.Qf3 a6 22.g4 O-O 23.Ke2 Bd8 
24.a5 Be7 25.Bc3 Bd8 26.Be1 Qb8 27.Bxh4 Bc7 28.Be1 
Rd8 29.Qg2 Qa7 30.Bh4 Re8 31.Ngf3 Bd8 32.g5 Nf5 
33.Bxf5 Nh5 34.Bg4 g6 35.Bxh5 gxh5 36.g6 f6 37.Nf7 
Kg7 38.Nxd8 Rxd8 39.Bxf6+ 1-0

[Event "ACL-A073"]
[Site "www.playchess.de"]
[Date "2001.04.09"]
[Round "17"]
[White "vulcan"]
[Black "Benjamin"]
[WhiteElo "1097"]
[BlackElo "1500"]
[PlyCount "48"]
[Result "1/2-1/2"]

1.e4 e5 2.Nf3 Nc6 3.Bc4 Bc5 4.O-O Nf6 5.d3 d6 
6.Bb3 Bg4 7.c3 O-O 8.Nbd2 Qe7 9.Qc2 Bh5 10.Re1 Ng4 
11.Rf1 Qf6 12.h3 Nh6 13.Nh2 Be2 14.Ndf3 Bxf1 
15.Kxf1 a6 16.Bg5 Qg6 17.Bxh6 Qxh6 18.Qc1 Qxc1+ 
19.Rxc1 Ba7 20.Bd5 Nd8 21.d4 exd4 22.cxd4 c6 
23.Bb3 Re8 24.Re1 Kf8 1/2-1/2

[Event "HCL-A070"]
[Site "www.playchess.de"]
[Date "2001.04.09"]
[Round "1"]
[White "legbreak"]
[Black "paule"]
[WhiteElo "1700"]
[BlackElo "1898"]
[PlyCount "50"]
[Result "0-1"]

1.Nf3 Nf6 2.c4 c5 3.g3 d5 4.cxd5 Nxd5 5.Bg2 Nc6 
6.Nc3 Nc7 7.O-O e5 8.Ne1 Be6 9.Nd3 f6 10.Bxc6+ 
bxc6 11.Qa4 Qd7 12.b3 Bh3 13.Rd1 Nb5 14.Bb2 Bf5 
15.Ne1 Be7 16.Rac1 O-O 17.d3 Rab8 18.Ne4 Nd4 
19.Bxd4 cxd4 20.Rxc6 Rb4 21.Qa6 Rfb8 22.Rdc1 R4b6 
23.Qc4+ Be6 24.Rc7 Qe8 25.Qc2 Ba3 0-1

[Event "HCL-A070"]
[Site "www.playchess.de"]
[Date "2001.04.09"]
[Round "7"]
[White "Belka"]
[Black "legbreak"]
[WhiteElo "1619"]
[BlackElo "1700"]
[PlyCount "47"]
[Result "1/2-1/2"]

1.b4 e5 2.Bb2 Bxb4 3.f4 d6 4.fxe5 dxe5 5.Bxe5 Nf6 
6.Nf3 Nc6 7.Bb2 O-O 8.e3 Nd5 9.Kf2 Re8 10.Bd3 Bg4 
11.h3 Bh5 12.g4 Bg6 13.Bxg6 hxg6 14.Qe2 Qd6 15.Qd3 
Rad8 16.a3 Ba5 17.c4 Nf6 18.Qxd6 cxd6 19.Rc1 d5 
20.Bxf6 gxf6 21.d4 dxc4 22.Rxc4 Rdc8 23.Nbd2 Ne7 
24.Rb1 1/2-1/2

[Event "HCL-C155"]
[Site "www.playchess.de"]
[Date "2001.04.09"]
[Round "8"]
[White "jayr015"]
[Black "tiberiuskirk"]
[WhiteElo "1004"]
[BlackElo "1100"]
[PlyCount "57"]
[Result "1-0"]

1.e4 {Good Luck!!}  e6 {live long and prosper!}  
2.d3 d5 3.f3 c5 4.Qe2 Nf6 5.Nc3 Nc6 6.Be3 d4 7.Bd2 
dxc3 8.Bxc3 b6 9.O-O-O Bd7 10.g4 Nd4 11.Qe3 e5 
12.Ne2 {FYI - I'll be out of town today till 
Monday. Have a great weekend!}  Be7 {see you in 
the future...}  13.Rg1 a5 14.f4 Nxe2+ 15.Bxe2 b5 
16.g5 exf4 17.Qxf4 Ng8 18.Rgf1 Bxg5 19.Qxg5 Qxg5+ 
20.Bd2 Qe5 21.Bf4 Qd4 22.Bf3 Ne7 23.Rde1 O-O 
24.Be3 Qe5 {.}  25.Rfg1 a4 26.Bh6 Ng6 27.Be3 Rac8 
28.Rg5 Qxh2 29.Rh1 1-0